000 00717nam a2200277Ia 4500
005 20260324114547.0
008 008 260324s9999 xx 000 0 eng d
020 _a9781003123866
037 _aEBOOK
040 _aCRL
040 _beng
040 _cCRL
041 _2eng
041 _aeng
084 _qCRL
100 _aVijaya Kumar Manupati; Goran D. Putnik; Maria Leonilde Rocha Varela
_91151262
245 0 _aSmart and Sustainable Manufacturing Systems for Industry 4.0
260 _bTaylor and Francis
260 _c2022
365 _a
365 _b320
856 _uhttp://www.taylorfrancis.com/books/9781003123866
942 _cEBOOK
999 _c1741517
_d1741517